| 000 | 00650nam a2200205Ia 4500 | ||
|---|---|---|---|
| 005 | 20250508165914.0 | ||
| 008 | 008 250505s9999 xx 000 0 eng d | ||
| 037 | _aTextual | ||
| 040 |
_aFEDL _beng _cFEDL |
||
| 041 |
_aeng _2eng |
||
| 084 |
_a305.809 541, THO _qFEDL |
||
| 100 |
_aThong Joseph S _9782371 |
||
| 245 | 0 | _aHead- hunters culture: Historic culture of nagas | |
| 260 |
_aNew Delhi, India _bMittal Publications _c2012 |
||
| 300 | _axx, 200p. | ||
| 365 |
_aINR _b495 |
||
| 546 | _aGifted by HOD Namita Ranganathan in memory of Prof. Arvind Gaysu | ||
| 942 |
_cTEXL _h305.809 541, THO |
||
| 999 |
_c1398109 _d1398109 |
||